Влияние кобальта и молибдена на скорость разупрочнения литых штамповых сталей при отпуске; Технический прогресс в машиностроении

Bibliografiske detaljer
Parent link:Технический прогресс в машиностроении.— 1967.— С. 56-57
Hovedforfatter: Хазанов И. О. Иосиф Ошерович
Andre forfattere: Лозинский Ю. М., Жидобин В. Ф.
Sprog:russisk
Udgivet: 1967
Fag:
Format: MixedMaterials Book Chapter
KOHA link:https://koha.lib.tpu.ru/cgi-bin/koha/opac-detail.pl?biblionumber=178522

MARC

LEADER 00000naa2a2200000 4500
001 178522
005 20231031165924.0
035 |a (RuTPU)RU\TPU\book\193529 
035 |a RU\TPU\tpu\6664 
090 |a 178522 
100 |a 20100407d1967 k y0rusy50 ca 
101 0 |a rus 
102 |a RU 
200 1 |a Влияние кобальта и молибдена на скорость разупрочнения литых штамповых сталей при отпуске  |f И. О. Хазанов, Ю. М. Лозинский, В. Ф. Жидобин 
463 0 |0 (RuTPU)RU\TPU\book\145877  |t Технический прогресс в машиностроении  |o тезисы докладов научно-технической конференции машиностроителей г. Томска  |f Томский дом научно-технической информации и пропаганды  |v С. 56-57  |n [Б. и.]  |d 1967  |p 97 с. 
610 1 |a металловедение 
610 1 |a труды учёных ТПУ 
610 1 |a термическая обработка 
700 1 |a Хазанов  |b И. О.  |c российский ученый, специалист в области машиностроения  |c профессор Томского политехнического университета  |f 1927-  |g Иосиф Ошерович  |2 stltpush  |3 (RuTPU)RU\TPU\pers\19879 
701 1 |a Лозинский  |b Ю. М. 
701 1 |a Жидобин  |b В. Ф. 
801 0 |a RU  |b 63413507  |c 20011210  |g PSBO 
801 2 |a RU  |b 63413507  |c 20100408  |g PSBO 
942 |c BK